[Event "FRA-ch Blitz Online Qual"]
[Site "Europe Echecs INT"]
[Date "2020.05.16"]
[Round "11"]
[White "Gandreuil, Brice"]
[Black "Krajewski, Thomas"]
[Result "1-0"]
[WhiteElo "1500"]
[BlackElo "1273"]
[PlyCount "101"]
[EventDate "2020.05.16"]
[EventType "swiss (blitz)"]
[EventRounds "15"]
[EventCountry "FRA"]
[SourceTitle "CBM 196 Extra"]
[Source "ChessBase"]
[SourceDate "2020.07.31"]
[SourceVersion "1"]
[SourceVersionDate "2020.07.31"]
[SourceQuality "1"]

1. e4 d5 2. exd5 Qxd5 3. Nc3 Qd8 4. Nf3 Nf6 5. d4 Bg4 6. Be2 e6 7. h3 Bxf3 8. Bxf3 c6 9. 0-0 Be7 10. Bf4 0-0 11. Ne4 Nbd7 12. c3 Nd5 13. Bg3 N7f6 14. Nxf6+ Nxf6 15. Qc2 Bd6 16. Bxd6 Qxd6 17. Rae1 Rfe8 18. Re2 e5 19. dxe5 Rxe5 20. Rxe5 Qxe5 21. Qb3 Re8 22. Qxb7 Qb5 23. Bxc6 Qxb7 24. Bxb7 Rb8 25. Ba6 Rxb2 26. a4 Ra2 27. Bb5 a6 28. Rd1 h6 29. Bxa6 Rxa4 30. Bb5 Ra3 31. c4 Rc3 32. Kf1 Ne4 33. f3 Nc5 34. Rd5 Nb3 35. Ba4 Na5 36. Rxa5 Rxc4 37. Bd1 Rc1 38. Ke1 Rb1 39. Rc5 Rb2 40. Rc2 Rxc2 41. Bxc2 g6 42. Bb3 Kg7 43. Kf2 f5 44. Kg3 Kf6 45. Kf4 g5+ 46. Kg3 Ke5 47. Bc2 f4+ 48. Kg4 Kf6 49. Be4 Kg7 50. Kh5 Kf6 51. Kxh6 1-0

[Event "FRA-ch Blitz Online Qual"]
[Site "Europe Echecs INT"]
[Date "2020.05.16"]
[Round "5"]
[White "Gouait, Raymond"]
[Black "Krajewski, Thomas"]
[Result "0-1"]
[WhiteElo "1566"]
[BlackElo "1273"]
[PlyCount "134"]
[EventDate "2020.05.16"]
[EventType "swiss (blitz)"]
[EventRounds "15"]
[EventCountry "FRA"]
[SourceTitle "CBM 196 Extra"]
[Source "ChessBase"]
[SourceDate "2020.07.31"]
[SourceVersion "1"]
[SourceVersionDate "2020.07.31"]
[SourceQuality "1"]

1. d4 d5 2. c4 c6 3. Nc3 Nf6 4. Nf3 dxc4 5. e3 Bf5 6. Bxc4 e6 7. Bd3 Bg6 8. 0-0 Be7 9. a3 Nbd7 10. b4 Nd5 11. Bb2 N7f6 12. Bxg6 hxg6 13. Ne5 Nd7 14. Nxd5 cxd5 15. Rc1 Nxe5 16. dxe5 0-0 17. Qd4 b6 18. Rc6 Rc8 19. Rfc1 Rxc6 20. Rxc6 Qd7 21. Qc3 Bd8 22. Rd6 Qe7 23. Qc6 Qc7 24. Qxc7 Bxc7 25. Rd7 Bb8 26. g3 Rc8 27. Kg2 Kf8 28. b5 Bc7 29. a4 Ke8 30. Rxc7 Rxc7 31. Ba3 Rc3 32. Bd6 Rc4 33. Bb8 Rxa4 34. Kf3 Ra5 35. h3 a6 36. bxa6 Rxa6 37. Bd6 b5 38. Bb4 Ra4 39. Bc3 b4 40. Bd4 b3 41. Ke2 Ra2+ 42. Kd1 Rxf2 43. Kc1 Rf3 44. Kb2 Rxg3 45. h4 Rh3 46. Kxb3 Rxh4 47. Kb4 f6 48. Kc5 f5 49. Kd6 Kf7 50. Bb6 g5 51. Bd8 Rg4 52. Be7 f4 53. exf4 gxf4 54. Bd8 f3 55. Bb6 Rg2 56. Be3 f2 57. Bxf2 Rxf2 58. Kc5 g5 59. Kd4 g4 60. Ke3 g3 61. Kd3 g2 62. Ke3 g1Q 63. Kd4 Qd1+ 64. Kc5 Rc2+ 65. Kd6 Qc1 66. Kd7 Rc7+ 67. Kd6 Qc6# 0-1

[Event "FRA-ch Blitz Online Qual"]
[Site "Europe Echecs INT"]
[Date "2020.05.16"]
[Round "1"]
[White "Krajewski, Thomas"]
[Black "Casas, Alexandre"]
[Result "0-1"]
[WhiteElo "1273"]
[BlackElo "1933"]
[PlyCount "70"]
[EventDate "2020.05.16"]
[EventType "swiss (blitz)"]
[EventRounds "15"]
[EventCountry "FRA"]
[SourceTitle "CBM 196 Extra"]
[Source "ChessBase"]
[SourceDate "2020.07.31"]
[SourceVersion "1"]
[SourceVersionDate "2020.07.31"]
[SourceQuality "1"]

1. d4 Nf6 2. Bg5 Ne4 3. Bh4 d5 4. f3 Nd6 5. Nd2 c5 6. c3 cxd4 7. cxd4 Nc6 8. e3 Qb6 9. Qb3 e5 10. dxe5 Nxe5 11. Bg3 f6 12. Ne2 Qxb3 13. axb3 Nd3+ 14. Kd1 Bf5 15. Bxd6 Bxd6 16. e4 Bg6 17. Nc3 Nf2+ 18. Ke2 Nxh1 19. Nxd5 0-0 20. Nc4 Bc5 21. b4 Bd4 22. Rb1 Nf2 23. Ne7+ Kh8 24. Nd6 Rae8 25. Nxg6+ hxg6 26. Nb5 Bb6 27. Nd6 Rd8 28. Nxb7 Rd7 29. Nc5 Bxc5 30. bxc5 Nd3 31. Rd1 Nxc5 32. Rxd7 Nxd7 33. Ke3 Rb8 34. b4 Rxb4 35. Bd3 Nc5 0-1

[Event "FRA-ch Blitz Online Qual"]
[Site "Europe Echecs INT"]
[Date "2020.05.16"]
[Round "12"]
[White "Krajewski, Thomas"]
[Black "Lesage, Margot"]
[Result "1-0"]
[WhiteElo "1273"]
[BlackElo "1598"]
[PlyCount "95"]
[EventDate "2020.05.16"]
[EventType "swiss (blitz)"]
[EventRounds "15"]
[EventCountry "FRA"]
[SourceTitle "CBM 196 Extra"]
[Source "ChessBase"]
[SourceDate "2020.07.31"]
[SourceVersion "1"]
[SourceVersionDate "2020.07.31"]
[SourceQuality "1"]

1. e4 c5 2. d4 cxd4 3. Qxd4 Nc6 4. Qd1 g6 5. Nc3 Bg7 6. Bd3 Nf6 7. Be3 0-0 8. Qd2 Ng4 9. f3 Nxe3 10. Qxe3 e6 11. Nge2 d5 12. exd5 exd5 13. Qd2 Re8 14. 0-0-0 a6 15. Nf4 d4 16. Ne4 b5 17. Rhe1 b4 18. Nf2 a5 19. Rxe8+ Qxe8 20. Re1 Qd8 21. Be4 Bb7 22. Qd3 Ne5 23. Qb5 Bxe4 24. Rxe4 Rb8 25. Qc5 Nd7 26. Qd6 Rb6 27. Qe7 Qc8 28. Qe8+ Qxe8 29. Rxe8+ Bf8 30. Nd5 Rd6 31. Ne7+ Kg7 32. Ne4 Re6 33. Rxf8 Kxf8 34. Nd5 Nb6 35. Nxb6 Rxb6 36. Kd2 a4 37. Kd3 a3 38. b3 Rb8 39. Kxd4 Rd8+ 40. Ke3 Rc8 41. Kd3 Rd8+ 42. Kc4 Rb8 43. Nc5 Ke7 44. h3 Kd6 45. Ne4+ Ke5 46. Ng5 Kf5 47. Nxf7 Rb6 48. Nh6+ 1-0

[Event "FRA-ch Blitz Online Qual"]
[Site "Europe Echecs INT"]
[Date "2020.05.16"]
[Round "8"]
[White "Krajewski, Thomas"]
[Black "Sumarriva Paulin, Laura"]
[Result "0-1"]
[WhiteElo "1273"]
[BlackElo "2023"]
[PlyCount "50"]
[EventDate "2020.05.16"]
[EventType "swiss (blitz)"]
[EventRounds "15"]
[EventCountry "FRA"]
[SourceTitle "CBM 196 Extra"]
[Source "ChessBase"]
[SourceDate "2020.07.31"]
[SourceVersion "1"]
[SourceVersionDate "2020.07.31"]
[SourceQuality "1"]

1. d4 d5 2. Bf4 c5 3. c3 Nc6 4. e3 e6 5. Nd2 Bd6 6. Bg3 Nf6 7. Ngf3 0-0 8. Ne5 Qe7 9. Bd3 cxd4 10. exd4 Nd7 11. f4 f6 12. Qh5 g6 13. Nxg6 hxg6 14. Qxg6+ Qg7 15. Qh5 e5 16. fxe5 fxe5 17. 0-0-0 Be7 18. dxe5 Ndxe5 19. Bxe5 Nxe5 20. Bc2 Bg4 21. Qh7+ Qxh7 22. Bxh7+ Kxh7 23. Rde1 Nd3+ 24. Kc2 Nxe1+ 25. Rxe1 Bg5 0-1